Joueurs d'Arsenal et leurs Nationalités - Statistiques

Statistiques générales
  • Ce quiz a été pris 113 fois
  • Le résultat moyen est 25 sur 26
Statistiques - réponses
Poste Nom Pays d'origine % Correct
Coach Mikel Arteta Espagne
100%
G David Raya Espagne
100%
G Kepa Espagne
100%
DC Cristhian Mosquera Espagne
100%
MDC Martin Zubimendi Espagne
100%
MC Mikel Merino Espagne
100%
BU Kai Havertz Allemagne
99%
AG Leandro Trossard Belgique
99%
DC Gabriel Magalhaes Brésil
99%
AG Gabriel Martinelli Brésil
99%
BU Gabriel Jesus Brésil
99%
DC William Saliba France
99%
DG Riccardo Calafiori Italie
99%
MOC Martin Odegaard Norvège
99%
DG Myles Lewis-Skelly Angleterre
98%
DD Ben White Angleterre
98%
MC Declan Rice Angleterre
98%
MOC Ethan Nwaneri Angleterre
98%
MOC Max Dowman Angleterre
98%
MOC Eberechi Eze Angleterre
98%
AD Bukayo Saka Angleterre
98%
AD Noni Madueke Angleterre
98%
BU Viktor Gyokeres Suède
98%
DD Jurrien TImber Pays-Bas
92%
MDC Christian Norgaard Danemark
88%
DC Piero Hincapié Équateur
84%
Aucun quiz correspondant
Distribution des résultats
% des personnes avec chaque résultat
Percentile par nombre de réponses
Votre historique - résultats
Vous n’avez pas pris ce quiz